000 00963nam a22002297a 4500
005 20170713103908.0
010 _a1516EN07 ENG-114886
020 _a9789384857950
_c299.00
035 _aEN-98418
035 _aB-668015
037 _aDPL
_bTechniz
037 _bDBAD/PUB
082 _a361.10954
100 _aShankar Rao, C.N.
245 _aIndian social problems :
_cby C.N.Shankar Rao
_ba sociological perspective : for undergraduate and postgraduate of all the ............various state administrative examinations /
260 _aNew Delhi
_bS.Chand
_c2015
270 _a7361, Ram Nagar
_bNew Delhi
_e110055
300 _axvii, 645p.:
_bill.
_c24cm(pbk)
500 _aIncludes bibliographical refrences
942 _2ddc
_cEN
_mSHA
_h361.10954
999 _c95889
_d95889